| 000 | 00359nam a2200145Ia 4500 | ||
|---|---|---|---|
| 008 | 150201s2006 xx 000 0 und d | ||
| 082 |
_a295.6 _bL2006S |
||
| 100 | _aSINGH,DEVENDER | ||
| 245 | _aLIFE STORY OF GURU GOVIND SINGH | ||
| 250 | _a12TH | ||
| 260 |
_bHEMKUNT PRESS _aDELHI _c2006 |
||
| 300 | _a1-112 | ||
| 650 | _aGENERAL DENTISTRY | ||
| 942 |
_2ddc _cBK |
||
| 999 |
_c4263 _d4263 |
||